000 00974nam a2200265Ia 4500
003 OSt
005 20220930091239.0
006 a|||||r|||| 00| 0
007 ta
008 220926b |||||||| |||| 00| 0 eng d
024 _a4992
037 _cTheses
040 _aCRL
_cCRL
_beng
041 _2eng
_aeng
100 _aSingh Sweta
_9545165
110 _aUniversity of Delhi. Faculty of Medical Sciences. Department of Surgery
245 0 _aComparative evaluation of in the bag intra ocular lens (IOL) implantation with clonni ring v/s pars plana lensectimy - vitrectomy with anterior chamber IOL implantation in subluxated lenses
260 _c2012
650 _aEYE - DISEASES
_9197938
700 _a Dr. Anju Rastogi Gu.
_9536177
700 _a Dr. Kamlesh Gu.
_9532905
700 _aUniversity of Delhi. Faculty of Medical Sciences. Department of Surgery
942 _cDIS
_2CC
999 _c881851
_d881851